| 000 | 00722nam a22002417a 4500 | ||
|---|---|---|---|
| 003 | DO-SdBPM | ||
| 005 | 20250110103257.0 | ||
| 008 | 171024b2009 mx 0| 0 spa d | ||
| 020 | _a9786074292220 | ||
| 040 |
_a DO-SdBPM _bspa _cBPMSU |
||
| 082 | 4 |
_aB869.3 _bC672v 2014 _2 22 |
|
| 100 | 1 |
_aCoelho, Paulo _d1947-1980 |
|
| 245 | 1 | 0 |
_aVeronika decide morir / _cPaulo Coelho ; traducción Manuel Arbolí Gascón |
| 260 |
_aMéxico : _bSant Jordi ; _c2009 |
||
| 300 |
_a221 p. ; _c18 cm. |
||
| 500 | _a | ||
| 590 | _aInventariado,2025/VM | ||
| 650 | 4 | _aNovela brasileña | |
| 650 | 4 | _aLiteratura brasileña | |
| 700 | 1 |
_aArbolí Gascón, Manuel, _etraductor |
|
| 910 | _aVMateo V. Control de calidad. BPMSU | ||
| 942 |
_2ddc _cBK |
||
| 999 |
_c12685 _d12685 |
||